| 000 | 00778nmm a2200241 a 4500 | ||
|---|---|---|---|
| 001 | ocm000702760 | ||
| 003 | TR-IsHL | ||
| 005 | 20201028154507.0 | ||
| 008 | 131121s1958 tu tur | ||
| 007 | cr cn | ||
| 035 |
_a702760 _b(N$T) |
||
| 050 | 0 | 4 |
_aKKX74 _b.A36 1958 |
| 090 | 0 | 4 |
_aKKX74 _b.A36 1958 |
| 245 | 1 | 0 |
_aAhmet Esat Arsebük' ün aziz hatırasına armağan _h[electronic resource] |
| 260 |
_aAnkara : _bAnkara Üniversitesi Hukuk Fakültesi, _c1958 |
||
| 300 | _a637 p. | ||
| 650 | 4 | _aHukuk | |
| 650 | 4 | _aLaw | |
| 650 | 0 |
_aHukukçular _x Türkiye |
|
| 650 | 0 |
_aLawyers _x Turkey |
|
| 650 | 7 |
_aBIOGRAPHY & AUTOBIOGRAPHY / Lawyers & Judges _2bisacsh |
|
| 856 | 4 | 0 | _uhttp://search.ebscohost.com/login.aspx?direct=true&scope=site&db=e011xww&AN=702760 |
| 999 |
_c12604 _d12604 |
||